| 000 | 01024nam a22001817a 4500 | ||
|---|---|---|---|
| 003 | OSt | ||
| 005 | 20251113091601.0 | ||
| 008 | 251113b |||||||| |||| 00| 0 eng d | ||
| 040 | _cDCL | ||
| 082 | _a၂၉၄.၃၈၂၃၅၄ | ||
| 130 |
_aတိပိဋက။ _pသုတ္တန္တပိဋက။ _pခုဒ္ဒကနိကာယ။ _tစူဠနိဒ္ဒေသ၊ _lပါဠိတော်၊ _sနိဿယ။ |
||
| 245 |
_aစူဠနိဒ္ဒေသပါဠိနိဿယ / _cအသျှင်ဇာဂရမထေရ်။ |
||
| 264 |
_aမန္တလေးမြို့ ၊ _bမန္တလေးတောင် ပိဋကတ်စာပုံနှိပ်တိုက်၊ _c၁၉၃၆။ |
||
| 300 |
_a၇၂၅ စာမျက်နှာ ၊ _c၂၅ စင်တီ။ |
||
| 650 |
_aစူဠနိဒ္ဒေသ _vပါဠိတော်နိဿယ။ |
||
| 700 | _aဇာဂရမထေရ်၊ အသျှင် | ||
| 942 |
_2ddc _cSHORT TERM _n0 |
||
| 999 |
_c2460 _d2460 |
||